Othello / (Record no. 3060)
[ view plain ]
| 000 -LEADER | |
|---|---|
| fixed length control field | 01665nac a22004091u 4500 |
| 003 - CONTROL NUMBER IDENTIFIER | |
| control field | EG-ScBUE |
| 005 - DATE AND TIME OF LATEST TRANSACTION | |
| control field | 20220619102213.0 |
| 008 - FIXED-LENGTH DATA ELEMENTS--GENERAL INFORMATION | |
| fixed length control field | 110523t2008 enka f 000 1 eng d |
| 020 ## - INTERNATIONAL STANDARD BOOK NUMBER | |
| International Standard Book Number | 140586771X |
| 020 ## - INTERNATIONAL STANDARD BOOK NUMBER | |
| International Standard Book Number | 9781405867719 |
| 020 ## - INTERNATIONAL STANDARD BOOK NUMBER | |
| International Standard Book Number | 9781405885478 (CD-RM) |
| 040 ## - CATALOGING SOURCE | |
| Original cataloging agency | EG-ScBUE |
| Language of cataloging | eng |
| Description conventions | rda |
| Transcribing agency | EG-ScBUE |
| Modifying agency | EG-ScBUE |
| 082 04 - DEWEY DECIMAL CLASSIFICATION NUMBER | |
| Classification number | 428.64 |
| Item number | SHA |
| Edition number | 22 |
| 100 1# - MAIN ENTRY--PERSONAL NAME | |
| Personal name | Shakespeare, William, |
| Dates associated with a name | 1564-1616, |
| Relator term | author. |
| 9 (RLIN) | 24038 |
| 245 10 - TITLE STATEMENT | |
| Title | Othello / |
| Statement of responsibility, etc | William Shakespeare ; retold by Rosalie Kerr. |
| 264 #1 - PUBLICATION, DISTRIBUTION, ETC. (IMPRINT) | |
| Place of publication, distribution, etc | Harlow, England : |
| Name of publisher, distributor, etc | Pearson Education Limited, |
| Date of publication, distribution, etc | [2008] |
| 264 #4 - PUBLICATION, DISTRIBUTION, ETC. (IMPRINT) | |
| Date of publication, distribution, etc | c2008 |
| 300 ## - PHYSICAL DESCRIPTION | |
| Extent | viii, 55 pages : |
| Other physical details | illustrations ; |
| Dimensions | 20 cm + |
| Accompanying material | 2 CD. |
| 336 ## - CONTENT TYPE | |
| Source | rdacontent |
| Content type term | text |
| Content type code | txt |
| 336 ## - CONTENT TYPE | |
| Source | rdacontent |
| Content type term | sounds |
| Content type code | snd |
| 337 ## - MEDIA TYPE | |
| Source | rdamedia |
| Media type term | unmediated |
| Media type code | n |
| 337 ## - MEDIA TYPE | |
| Source | rdamedia |
| Media type term | audio |
| Media type code | s |
| 338 ## - CARRIER TYPE | |
| Source | rdacarrier |
| Carrier type term | volume |
| Carrier type code | nc |
| 338 ## - CARRIER TYPE | |
| Source | rdacarrier |
| Carrier type term | computer disc |
| Carrier type code | cd |
| 490 0# - SERIES STATEMENT | |
| Series statement | Penguin readers ; |
| Volume number/sequential designation | level 3 |
| 500 ## - GENERAL NOTE | |
| General note | "Bantam edition with newly edited text and substantially revised, edited, and amplified notes, introductions, and other materials"--T.p. verso. |
| 521 ## - TARGET AUDIENCE NOTE | |
| Target audience note | A2: Pre-Intermediate |
| 650 #7 - SUBJECT ADDED ENTRY--TOPICAL TERM | |
| Topical term or geographic name as entry element | Readers (Primary) |
| Source of heading or term | BUEsh |
| 9 (RLIN) | 24039 |
| 650 #7 - SUBJECT ADDED ENTRY--TOPICAL TERM | |
| Topical term or geographic name as entry element | Readers (Elementary) |
| Source of heading or term | BUEsh |
| 9 (RLIN) | 24040 |
| 650 #7 - SUBJECT ADDED ENTRY--TOPICAL TERM | |
| Topical term or geographic name as entry element | English language |
| Form subdivision | Textbooks for foreign speakers. |
| 9 (RLIN) | 24041 |
| Source of heading or term | BUEsh |
| 653 ## - INDEX TERM--UNCONTROLLED | |
| Arrived date list | May2011 |
| Resource For college | Humanities: English |
| 655 ## - INDEX TERM--GENRE/FORM | |
| Form subdivision | Reading book |
| 9 (RLIN) | 34232 |
| 700 1# - ADDED ENTRY--PERSONAL NAME | |
| Personal name | Kerr, Rosalie, |
| Relator term | contributor. |
| 9 (RLIN) | 24037 |
| 856 42 - ELECTRONIC LOCATION AND ACCESS | |
| Materials specified | Contributor biographical information |
| Uniform Resource Identifier | <a href="http://www.loc.gov/catdir/bios/random051/87023199.html">http://www.loc.gov/catdir/bios/random051/87023199.html</a> |
| 856 42 - ELECTRONIC LOCATION AND ACCESS | |
| Materials specified | Publisher description |
| Uniform Resource Identifier | <a href="http://www.loc.gov/catdir/description/random049/87023199.html">http://www.loc.gov/catdir/description/random049/87023199.html</a> |
| 942 ## - ADDED ENTRY ELEMENTS (KOHA) | |
| Koha item type | Book - Borrowing |
| Call number prefix | 428.64 SHA |
| Source of classification or shelving scheme | Dewey Decimal Classification |
| Withdrawn status | Lost status | Source of classification or shelving scheme | Damaged status | Not for loan | Collection code | Home library | Current library | Shelving location | Date acquired | Source of acquisition | Cost, normal purchase price | Serial Enumeration / chronology | Total Checkouts | Total Renewals | Full call number | Barcode | Date last seen | Date checked out | Price effective from | Koha item type | Public note |
|---|---|---|---|---|---|---|---|---|---|---|---|---|---|---|---|---|---|---|---|---|---|
| Dewey Decimal Classification | Baccah | Central Library | Central Library | Second Floor | 23/05/2011 | Purchase | 40.00 | 12341 | 3 | 4 | 428.64 SHA | 000023658 | 15/07/2025 | 30/11/2014 | 18/03/2007 | Book - Borrowing | |||||
| Dewey Decimal Classification | Baccah | Central Library | Central Library | Second Floor | 23/05/2011 | Purchase | 428.64 SHA | 000023659 | 24/08/2022 | 23/05/2011 | CD | DVD - With book | Disc 1 | |||||||||
| Dewey Decimal Classification | Baccah | Central Library | Central Library | Second Floor | 23/05/2011 | Purchase | 428.64 SHA | 000023660 | 24/08/2022 | 23/05/2011 | CD | DVD - With book | Disc 2 |